Nuevo diccionario de costarriqueñismos (Registro nro. 8442)
[ vista simple ]
| 000 -Cabecera | |
|---|---|
| Campo de control de longitud fija | 00555nam a22002057a 4500 |
| 005 - Fecha y hora de la última transacción | |
| Campo de control | 20250219141529.0 |
| 008 - Elementos de longitud fija--Información general | |
| Campo de control de longitud fija | 160928b2007 xxu||||| |||| 00| 0 spa d |
| 020 ## - International Standard Book Number | |
| Número Internacional Estándar del Libro (ISBN) | 9789977661919 |
| 041 ## - Idioma | |
| Código de idioma | Español |
| 082 ## - Clasificación Decimal Dewey | |
| Número de clasificación | R 467.972.86 Q5n4 |
| 100 ## - Entrada principal--Autor personal | |
| Nombre personal | Quesada Pacheco, Miguel Ángel |
| 245 ## - Título propiamente dicho | |
| Título | Nuevo diccionario de costarriqueñismos |
| 250 ## - Edición | |
| Mención de edición | 4 edición |
| 260 ## - Pie de imprenta | |
| Lugar de publicación, distribución, etc. | Costa Rica |
| Nombre del editor, distribuidor, etc. | Tecnológica de Costa Rica |
| Fecha de publicación, distribución, etc. | 2007 |
| 300 ## - Descripción física | |
| Extensión | 414 páginas |
| 650 ## - Materia general | |
| Temática (materia general) | COSTA RICA |
| 650 ## - Materia general | |
| Temática (materia general) | COSTARRIQUEÑISMOS |
| 650 ## - Materia general | |
| Temática (materia general) | DICCIONARIOS |
| 942 ## - Punto de acceso adicional KOHA | |
| Tipo de ítem KOHA | Referencia |
| Fuente del sistema de clasificación o colocación | Dewey Decimal Classification |
| Signatura completa | Código de barras | Tipo de ítem |
|---|---|---|
| R 467.972.86 Q5n4 | 21493 | Referencia |